000 00528nam a2200229Ia 4500
003 OSt
005 20220912152952.0
006 a|||||r|||| 00| 0
007 ta
008 220909b |||||||| |||| 00| 0 eng d
024 _a27487
037 _cTextual
040 _aCSL
_beng
_cCSL
041 _aeng
082 _aC40D, L0
100 _aPhillips J
245 0 _aFundamentals of applied heat
260 _c1970
300 _ap.
_ccm.
942 _hC40D, L0
_cTEXL
_2CC
999 _c95212
_d95212